000 00548nam a2200193Ia 4500
005 20250923144958.0
008 008 250917s9999 xx 000 0 eng d
037 _aTextual
040 _aDSWL
_beng
_cDSWL
041 _aeng
_2eng
084 _aL7;4p1.N58, N60
_qDSWL
245 0 _aStress and psychiatric disorder
_cEd.by J.M. Tanner
260 _aOxford
_bBlackwell Scientific Pub.
_c1960
300 _a151 p.
365 _aINR
_b21
925 _g21
942 _cTEXL
_hL7;4p1.N58, N60
999 _c1445617
_d1445617